El espíritu santo en la iglesia: la iglesia como el ministerio del espíritu santo en Cristo y en los cristianos, una persona en muchas personas

Saved in:
Bibliografiske detaljer
Hovedforfatter: Mühlen, Heribert (autor)
Format: Bog
Sprog:spansk
Udgivet: Salamanca Secretario Trinitario 1998
Udgivelse:2a. ed
Fag:
Tags: Tilføj Tag
Ingen Tags, Vær først til at tagge denne postø!

MARC

LEADER 00000cam a2200000 a 4500
001 UCE7219
003 CL-VaPUC
008 150529e19980000sp |||||||||||||||||spa|d
020 |a 8440011210 
082 0 4 |a 220.9  |b MUH  |2 21 
100 |a Mühlen, Heribert  |e autor  |9 579901 
245 1 3 |a El espíritu santo en la iglesia: la iglesia como el ministerio del espíritu santo en Cristo y en los cristianos, una persona en muchas personas 
250 |a 2a. ed 
300 |a 765 p 
942 |c BK 
945 |d 20150529 15:00:00  |a gsalatino 
260 |a Salamanca  |b Secretario Trinitario  |c 1998 
650 7 |a ESPIRITU SANTO  |2 CL-VaPUC  |9 579902 
650 0 |a Religión   |9 255164 
650 0 |a Iglesia Católica  |9 256114 
583 |a last modification  |c 20150529 15:00:00  |k Rodrigo Vera 
999 |c 359320  |d 359318 
952 |0 0  |1 0  |3 erd  |4 0  |6 220_900000000000000_MUH_1998  |7 0  |8 A  |9 468479  |a BIBTEO  |b BIBTEO  |e Casale Rolle, Carlos Ignacio, -2014  |i 5182425  |o 220.9 MUH 1998  |p 5182425  |r 2025-01-17  |w 2019-11-23  |y BK  |z Catalogado en:20150529  |k ICR